Países Más Cercanos a Japón - Estadísticas

Estadísticas generales
  • Esta prueba ha sido intentada 767 veces
  • La puntuación promedio es 17 de 20
Estadísticas de respuestas
km País millas % Correcto
331 China 205
99%
420 Corea del Norte 261
96%
50 Corea del Sur 31
96%
43 Rusia 27
96%
107 Taiwán 67
90%
2192 Indonesia 1362
88%
1558 Vietnam 968
88%
568 Filipinas 353
86%
1864 Laos 1158
86%
1640 Mongolia 1019
86%
2041 Tailandia 1269
86%
1943 Camboya 1207
83%
1984 Malasia 1233
83%
2195 Estados Unidos 1364
80%
2578 India 1602
80%
2251 Myanmar 1399
76%
3073 Bangladés 1909
69%
2309 Brunéi 1435
69%
2136 Estados Federados de Micronesia 1327
62%
2128 Palaos 1323
60%
No se encontraron pruebas coincidentes
Distribución de puntuación
Porcentaje de gente con cada puntuación
Porcentaje por número respondido
Historial de tus puntuaciones
No has intentado esta prueba.